000 01372nam a2200397 i 4500
001 192684
003 SpMaBN
005 20250829125834.0
007 ta
008 230511s2020 sp a | |||| 000 0 spa
020 _a9788487372230
040 _aSpMaBN
_bspa
_cES-MaACL
_erda
044 _asp
080 _a37.012
080 _a37.091.6
245 0 0 _aEducación actual :
_pmomento presente /
_cMiguel-Héctor Fernández-Carrión, edición ; Alain Touraine ... [et al.]
250 _aPrimera edición: 2020
260 _aMadrid :
_bAlbahaca Publicaciones,
_c2020
300 _a254 páginas :
_bgráficos (blanco y negro) ;
_c21 cm
336 _aTexto
_2rdacontent
337 _asin mediación
_2rdamedia
338 _avolumen
_2rdacarrier
490 1 _aEducación actual ;
_v4
500 _aÍndice
504 _aReferencias bibliográficas
546 _aTexto en español e inglés
650 0 _aPedagogía-
_xInvestigación
_9235353
650 7 _aTecnología educativa
_2embne
_9170727
700 1 _aFernández-Carrión, Miguel-Héctor,
_d1955-
_epbl
_935796
700 1 _aTouraine, Alain,
_d1925-2023
_eaut
_9111138
830 _aEducación actual ;
_9182606
_v4
852 _aES-MaACL
_bR.153231
_cDEPOJ
_hDonación: Editorial
_jN-8307
_9199980
942 _n0
_cMONOGRAFIA
999 _c192684
_d192684